Nachbarländer Tansanias🇹🇿 - Statistiken

Allgemein
  • Dieses Quiz wurde 24 mal gespielt
  • Das Durchschnittsergebnis liegt bei 8 aus 8
Antwortstatistiken
Grenzlänge in km Nachbarland % Korrekt
450 Burundi🇧🇮
100%
459 Demokratische Republik Kongo🇨🇩
100%
775 Kenia🇰🇪
100%
217 Ruanda🇷🇼
100%
396 Uganda🇺🇬
100%
756 Mosambik🇲🇿
95%
338 Sambia🇿🇲
95%
475 Malawi🇲🇼
85%
Keine übereinstimmenden Quizze gefunden
Verteilung der Resultate
Anzahl Personen mit jedem Resultat
Perzentil nach korrekt beantworteten Fragen
Ihre Resultats-Entwicklung
Sie haben dieses Quiz noch nicht gespielt